000 00375nam a2200145 i 4500
001 bg
100 1 _aBUDZIŃSKI, Franciszek
245 0 _aPostęp techniczny a okres eksploatacji środków trwałych /
_cFranciszek Budziński.
260 _aKraków,
_c1975.
040 _cBPK
041 _apol
080 _a338
942 _cKS
008 s pl f |000 0 pol
999 _c16448
_d16448
856 _uhttp://koha.tu.koszalin.pl/cgi-bin/koha/opac-detail.pl?biblionumber=16448
_yKatalog online BPK